MARC details
| 000 -LEADER |
| fixed length control field |
01596cam a22003738i 4500 |
| 001 - CONTROL NUMBER |
| control field |
18578107 |
| 003 - CONTROL NUMBER IDENTIFIER |
| control field |
OSt |
| 005 - DATE AND TIME OF LATEST TRANSACTION |
| control field |
20260428082140.0 |
| 008 - FIXED-LENGTH DATA ELEMENTS--GENERAL INFORMATION |
| fixed length control field |
150416s2015 nyu b 001 0 eng |
| 010 ## - LIBRARY OF CONGRESS CONTROL NUMBER |
| LC control number |
2015014106 |
| 020 ## - INTERNATIONAL STANDARD BOOK NUMBER |
| International Standard Book Number |
9781583675427 |
| Qualifying information |
pbk. : alk. paper |
| 020 ## - INTERNATIONAL STANDARD BOOK NUMBER |
| International Standard Book Number |
9781583675434 |
| Qualifying information |
cloth : alk. paper |
| 035 ## - SYSTEM CONTROL NUMBER |
| System control number |
18578107 |
| 040 ## - CATALOGING SOURCE |
| Original cataloging agency |
DLC |
| Language of cataloging |
eng |
| Transcribing agency |
DLC |
| Description conventions |
rda |
| Modifying agency |
DLC |
| 042 ## - AUTHENTICATION CODE |
| Authentication code |
pcc |
| 050 00 - LIBRARY OF CONGRESS CALL NUMBER |
| Classification number |
HM886 |
| Item number |
.P57 2015 |
| 082 00 - DEWEY DECIMAL CLASSIFICATION NUMBER |
| Classification number |
303.6 |
| Edition number |
23 |
| 100 1# - MAIN ENTRY--PERSONAL NAME |
| Personal name |
Pilisuk, Marc. |
| 245 14 - TITLE STATEMENT |
| Title |
The hidden structure of violence : |
| Remainder of title |
who benefits from global violence and war / |
| Statement of responsibility, etc. |
by Marc Pilisuk and Jennifer Achord Rountree. |
| 264 #1 - PRODUCTION, PUBLICATION, DISTRIBUTION, MANUFACTURE, AND COPYRIGHT NOTICE |
| Place of production, publication, distribution, manufacture |
New York : |
| Name of producer, publisher, distributor, manufacturer |
Monthly Review Press, |
| Date of production, publication, distribution, manufacture, or copyright notice |
[2015] |
| 300 ## - PHYSICAL DESCRIPTION |
| Extent |
359 pages ; |
| Dimensions |
21 cm |
| 336 ## - CONTENT TYPE |
| Content type term |
text |
| Source |
rdacontent |
| 337 ## - MEDIA TYPE |
| Media type term |
unmediated |
| Source |
rdamedia |
| 338 ## - CARRIER TYPE |
| Carrier type term |
volume |
| Source |
rdacarrier |
| 504 ## - BIBLIOGRAPHY, ETC. NOTE |
| Bibliography, etc. note |
Includes bibliographical references (pages301-344) and index. |
| 505 0# - FORMATTED CONTENTS NOTE |
| Formatted contents note |
The costs of modern war -- Killing : war and the minds of men -- The hidden structure of violence -- People, farmland, water, and narcotics -- Networks of power -- Realpolitik: strategies and tactics for winning -- Disinformation -- Values and habits that maintain a violent system -- The evolution of corporate power to inflict -- Violence and injustice : dangers and hopes. |
| 650 #0 - SUBJECT ADDED ENTRY--TOPICAL TERM |
| Topical term or geographic name entry element |
Violence. |
| 650 #0 - SUBJECT ADDED ENTRY--TOPICAL TERM |
| Topical term or geographic name entry element |
War, Cost of. |
| 650 #0 - SUBJECT ADDED ENTRY--TOPICAL TERM |
| Topical term or geographic name entry element |
War. |
| 700 1# - ADDED ENTRY--PERSONAL NAME |
| Personal name |
Rountree, Jennifer Achord. |
| 906 ## - LOCAL DATA ELEMENT F, LDF (RLIN) |
| a |
7 |
| b |
cbc |
| c |
orignew |
| d |
1 |
| e |
ecip |
| f |
20 |
| g |
y-gencatlg |
| 942 ## - ADDED ENTRY ELEMENTS (KOHA) |
| Source of classification or shelving scheme |
Library of Congress Classification |
| Koha item type |
Normal Collection |
| Suppress in OPAC |
No |